000 00410nam a22001697a 4500
003 MPLRDC
005 20220104144024.0
008 210129b ||||| |||| 00| 0 eng d
082 _a448.8 WWZ
100 _a王汉祯编
245 _a少年无线电入门
_c
250 _a初版
260 _a
_b福建科学技术出版社
_c1983
300 _b
650 _a无线电工学
942 _cBK
_o448.8 WWZ
999 _c45621
_d45611